| 000 | 00861nam a22002297a 4500 | ||
|---|---|---|---|
| 999 |
_c6406 _d6406 |
||
| 003 | AR-CdUCM | ||
| 008 | 190315b ||||| |||| 00| 0 spa d | ||
| 040 |
_aMUNICIPALIDAD PROVINCIAL DEL CUSCO _cBIBLIOTECA MUNICIPAL DEL CUSCO |
||
| 082 |
_a030 / _bM722 |
||
| 100 |
_aMolina, Tirso de _910815 |
||
| 245 |
_aEl burlador de Sevilla : _bLos mejores libros de la literatura española / |
||
| 260 |
_aLima : _bEditora de Publicaciones Gente, _c1987. |
||
| 300 |
_a159 páginas ; _c17 cm. |
||
| 440 |
_aColección gratuita con la revista Gente (Lima-Perú) por su 3º aniversario. _n9 _918215 |
||
| 505 | _aContenido: El burlador de Sevilla -- Jornada primera -- Jornada segunda... | ||
| 650 |
_aLiteratura española _9362 |
||
| 650 |
_aCuentos _9217 |
||
| 650 |
_aColección _92826 |
||
| 700 |
_aBanco de la Nación _918155 |
||
| 942 |
_2ddc _cLIBROS |
||
| 945 | _adavv | ||